| 000 | 00562nam a2200181 u 4500 | ||
|---|---|---|---|
| 001 | 000020312 | ||
| 005 | 20200929170347.0 | ||
| 008 | 100813s1970 sp 000 0 spa d | ||
| 040 |
_aDO-SdBNP _bspa _cBNPHU |
||
| 082 |
_axxxxxx _bxxxxxxx |
||
| 100 | 1 |
_aCarpentier, Alejo, _d1904-1980 _98634 |
|
| 245 | 1 | 0 |
_aGuerra del tiempo / _cAlejo Carpentier. |
| 260 |
_aBarcelona : _bBarral, _c1970. |
||
| 300 |
_a139 p. ; _c19 cm. |
||
| 500 | _aIncluye datos biográficos del autor en la contracubierta | ||
| 650 | 4 |
_aNovela cubana _92316 |
|
| 650 | 4 |
_aLiteratura cubana _91483 |
|
| 999 |
_c19816 _d19816 |
||